|
|
|
|
| LEADER |
00000cam a2200000 a 4500 |
| 001 |
vtls001515966 |
| 003 |
SK-MaSNL |
| 005 |
20260302040848.0 |
| 008 |
251112s1567 gw a f 011 0 ger |
| 015 |
|
|
|a SNBHFA1567
|
| 035 |
|
|
|a 924AF221-F71E-4A1F-8648-8B6C9E6FB6C4
|
| 035 |
|
|
|a urn:nbn:sk:snk-am3iapg
|
| 035 |
|
|
|a urn:nbn:sk:snk-am00csi0
|
| 040 |
|
|
|a SNKHF
|b slo
|c SNK
|e AACR2
|
| 041 |
|
|
|a ger
|
| 044 |
|
|
|a gw
|c DE
|
| 072 |
|
7 |
|a 2
|x Náboženstvo
|2 konspekt
|
| 080 |
|
|
|a 21/29-1/-9
|2 2011
|
| 080 |
|
|
|a 2-1
|2 2011
|
| 100 |
1 |
|
|a Luther, Martin,
|d 1483-1546
|4 aut
|9 106834
|
| 245 |
1 |
|
|a Colloqvia, Oder, Tischreden Doctor Martini Lutheri/ so er in vielen jaren/ die Zeyt seines Lebens/ gegen Gelehrten Leuthen/ Auch hin vnd wider bey frembden Gesten/ vnd Tischgesellen geführet/ Darinn von allen Articklen vnser Religion/ Auch von hohen Fragen vnnd Richtigen Antworten/ vnd sonst von allerley Lehr/ Rath/ Trost/ Weissagung/ Gründtlichen vnderricht zu finden. Durch Herrn Johann Aurifaber
|
| 246 |
3 |
8 |
|a Colloquia oder Tischreden
|
| 246 |
3 |
8 |
|a Dr. Martin Luthers.
|
| 260 |
|
|
|a Gedruckt zu Franckfurt am Mayn
|b durch Peter Schmid
|c 1567
|
| 300 |
|
|
|a [12], 582, [18] listov
|c 2°
|c 34 × 22 cm
|
| 500 |
|
|
|a Vineta, linka, iniciálky s ornamentálnym pozadím vo voľnom priestore na 5 - 10 riadkov, titulný list červeno-čiernou tlačou, drevorez na titulnej strane s náboženskou tematikou s figurálnou výzdobou
|
| 504 |
|
|
|a Marginálie, kustody
|
| 508 |
|
|
|a Dedikácia: Aurifaber, Johann; Štrasburg - mestská rada; Ulm - mestská rada; Lübeck - mestská rada; Augsburg - mestská rada; Norimberg - mestská rada; Hamburg - mestská rada; Lüneburg - mestská rada; Braunschweig - mestská rada; Frankfurt nad Mohanom - mestská rada; Regensburg - mestská rada
|
| 510 |
4 |
|
|a VD 16 L/6751
|
| 550 |
|
|
|a Údaj o tlačiarovi do impresa doplnené z kolofónu
|
| 561 |
|
|
|a Z knižnice františkánov Kremnica.
|5 SNK IB 73259
|
| 561 |
|
|
|a Z knižnice františkánov Bratislava.
|5 SNK IB 73259 D1
|
| 561 |
|
|
|a Proveniencia: pečiatka Museálna Slovenská Spoločnosť. - Slovenskej Museálnej spoločnosti daroval Jozef Institoris.
|5 SNK IB 27944
|
| 562 |
|
|
|a Rukopisný exlibris: Conuentus Crembniciensis P. P. Francis. Refor.
|5 SNK IB 73259
|
| 562 |
|
|
|a Rukopisný exlibris: Conuentus Posoniensis Fratrum Minorum.
|5 SNK IB 73259 D1
|
| 562 |
|
|
|a Defekt: chýba časť titulného listu.
|5 SNK IB 27944
|
| 563 |
|
|
|a Väzba: pôvodná, renesančná, svetlohnedá koža s ornamentálnou a figurálnou slepotlačou, kovové spony.
|5 SNK IB 73259
|
| 563 |
|
|
|a Väzba: žltá ošúchaná koža s ornamentálno-figurálnou slepotlačou, stopy po dovch kovoých sponách, prefarebný chrbát dočervena s dvoma papierovými textovými štítkami.
|5 SNK IB 73259 D1
|
| 563 |
|
|
|a Väzba: renesančná, bledohnedá koža s omamentálnou a figurálnou slepotlačou, stopy po sponách.
|5 SNK IB 27944
|
| 650 |
0 |
7 |
|a náboženstvo
|2 SNKPH
|9 2023
|
| 650 |
0 |
7 |
|a teológia
|2 SNKPH
|9 1814
|
| 700 |
1 |
|
|a Schmidt, Peter,
|d 16. storočie
|4 prt
|9 130476
|
| 700 |
1 |
|
|a Aurifaber, Johannes aus Breslau,
|d 1517-1568
|4 com
|4 dto
|9 126473
|
| 700 |
1 |
|
|a Institoris, Jozef
|4 dar
|9 691699
|
| 700 |
1 |
|
|a Goldschmid, Johannes aus Weimar
|4 aut
|9 72424
|
| 710 |
1 |
|
|a Františkáni (Kremnica, Slovensko)
|4 fmo
|9 162717
|
| 710 |
0 |
|
|a Schmidt, Peter (Frankfurt nad Mohanom, Nemecko),
|d 1557-1595
|4 prt
|9 52700
|
| 710 |
1 |
|
|a Františkáni (Bratislava, Slovensko)
|4 fmo
|9 281881
|
| 710 |
1 |
|
|a Mestská rada (Štrasburg, Francúzsko)
|4 hnr
|9 691700
|
| 710 |
1 |
|
|a Mestská rada (Ulm, Nemecko)
|4 hnr
|9 691701
|
| 710 |
1 |
|
|a Mestská rada (Lübeck, Nemecko)
|4 hnr
|9 691702
|
| 710 |
1 |
|
|a Mestská rada (Augsburg, Nemecko)
|4 hnr
|9 691703
|
| 710 |
1 |
|
|a Mestská rada (Norimberg, Nemecko)
|4 hnr
|9 691704
|
| 710 |
1 |
|
|a mestská rada (Hamburg, Nemecko)
|4 hnr
|9 691705
|
| 710 |
1 |
|
|a Mestská rada (Lüneburg, Nemecko)
|4 hnr
|9 691706
|
| 710 |
1 |
|
|a Mestská rada (Braunschweig, Nemecko)
|4 hnr
|9 691707
|
| 710 |
1 |
|
|a Mestská rada (Frankfurt nad Mohanom, Nemecko)
|4 hnr
|9 691708
|
| 710 |
1 |
|
|a Mestská rada (Regensburg, Nemecko)
|4 hnr
|9 691709
|
| 710 |
2 |
|
|a Muzeálna slovenská spoločnosť (Martin, Slovensko)
|4 fmo
|9 33033
|
| 752 |
|
|
|a Nemecko
|d Frankfurt nad Mohanom
|
| 852 |
|
|
|a snk
|b Františkáni Kremnica
|p IB 73259
|
| 852 |
|
|
|a snk
|b Františkáni Bratislava
|p IB 73259 D1
|
| 852 |
|
|
|a snk
|b Historické fondy
|p IB 27944
|
| 958 |
|
|
|a ONDV
|
| 999 |
|
|
|c 1076346
|d 1078276
|
| 952 |
|
|
|t Tlače 16. storočia
|a SNK
|b SNK
|c SNK_HF
|y PREZ
|7 0
|p 17A1399845
|o snkIB 27944
|i snkF 1684/72
|8 5
|0 0
|1 0
|4 0
|d 2022-07-20
|l 0
|r 2026-02-24 16:10:23
|w 2026-02-24
|
| 952 |
|
|
|t Fr Kr 1542
|a SNK
|b SNK
|c SNK_HF
|y PREZ
|7 0
|p 17A1216213
|o snkIB 73259
|i snk2017/10140
|8 5
|0 0
|1 0
|4 0
|d 2005-04-05
|f 1
|l 0
|r 2005-04-05 00:00:00
|w 2026-02-24
|
| 952 |
|
|
|t Fr Ba 10 546
|a SNK
|b SNK
|c SNK_HF
|y PREZ
|7 0
|p 17A1357052
|o snkIB 73259 D1
|i snk2020/1325
|8 5
|0 0
|1 0
|4 0
|d 2020-01-22
|l 0
|r 2026-02-24 16:10:23
|w 2026-02-24
|